Soccer Stadiums - Statistics

General Stats
  • This quiz has been taken 10,332 times
    10,318 since last reset
  • The average score is 5 of 15
Answer Stats
Stadium Team % Correct
Old Trafford Manchester United
99%
Anfield Liverpool
98%
White Hart Lane Tottenham
74%
Ibrox Rangers
55%
Elland Road Leeds United
53%
Ricoh Arena Coventry City
29%
Portman Road Ipswich Town
27%
Ashton gate Bristol City
25%
Oakwell Barnsley
22%
Fir Park Motherwell
14%
Spotland Rochdale
13%
Bescot Stadium Walsall
9%
Huish Park Yeovil Town
8%
East End Park Dunfermline Athletic
6%
Globe Arena Morecambe
6%
No matching quizzes found
Score Distribution
Percent of People with Each Score
Percentile by Number Answered
Your Score History
You have not taken this quiz since the last reset